000 00943nam a2200229 i 4500
001 164970
003 ES-MaACL
005 20250815062648.0
008 931025s1914 sp |||| | spa d
040 _bspa
_cPAB
100 1 _aSchorn, Adelheid von.
_9132569
245 1 3 _aEl pianista Francisco Listz y la Princesa de Sayn-Vittgenstein /
_crecuerdos íntimos y correspondencia por A. von Schorn ; traducción por J. Moreno Barutell.
260 _aMadrid :
_bLa España Moderna,
_c[1914] (
_fImp. de Gabriel López del Horno)
300 _a409 p. ;
_c23 cm.
490 1 _aBiblioteca de Jurisprudencia, Filosofía e Historia
600 1 4 _aListz, Franz-
_vCorrespondencia.
_9128978
600 1 7 _aSayn-Wittgenstein, Carolyne de,
_d1819-1887
_2
_9158373
700 0 _aMoreno Barutell, J.
_983330
830 0 0 _aBiblioteca de jurisprudencia, filosofía e historia
_9180691
852 _aES-MaACL
_jF-14954
_z-- Enc. hol.
999 _c164970
_d164970